Statystyki dla 15 krajów o największej liczbie zgonów Covid19 - 6 września

Kliknij tutaj aby rozwiązać quiz!

Ogólne statystyki

  • Ten quiz został rozwiązany 17 razy
  • Średni wynik to 9 z 19

Statystyki odpowiedzi

kraj% Poprawnych
Rosja
79%
Stany Zjednoczone
79%
Włochy
79%
Hiszpania
71%
Indie
71%
Brazylia
64%
Francja
64%
Wielka Brytania
64%
Meksyk
50%
Szwecja
43%
Belgia
36%
Iran
36%
Kolumbia
36%
Peru
36%
Republika
Południowej Afryki
29%
Chile
21%
Ekwador
14%
Panama
14%
Boliwia
7%

Rozkład punktacji

Percentyl według liczby udzielonych odpowiedzi

Procent ludzi z każdym wynikiem

Twoja historia wyników

Nie rozwiązałeś tego quizu